[Event "SRB-chT 1st League CS"]
[Site "Bajina Basta"]
[Date "2021.09.26"]
[Round "1.4"]
[White "Brkljaca, Ante"]
[Black "Ivanovic, Dragutin"]
[Result "0-1"]
[WhiteElo "2252"]
[BlackElo "2295"]
[PlyCount "63"]
[EventDate "2021.09.26"]
[EventType "team-tourn"]
[EventRounds "11"]
[EventCountry "SRB"]
[SourceTitle "EXT 2023"]
[Source "ChessBase"]
[SourceDate "2022.10.05"]
[SourceVersion "1"]
[SourceVersionDate "2022.10.05"]
[SourceQuality "1"]
[WhiteTeam "Arandjelovac"]
[BlackTeam "Valjevo Krusik"]
[WhiteTeamCountry "SRB"]
[BlackTeamCountry "SRB"]

1. d4 d6 2. e4 g6 3. Nf3 Bg7 4. Be2 Nf6 5. Nc3 a6 6. a4 0-0 7. 0-0 Nbd7 8. e5 Ne8 9. Bf4 c5 10. exd6 Nxd6 11. dxc5 Nxc5 12. Qc1 Ne6 13. Bh6 Bxh6 14. Qxh6 Nf5 15. Qc1 Ned4 16. Rd1 Nxe2+ 17. Nxe2 Qc7 18. Nf4 e6 19. Ra3 Bd7 20. g4 Ng7 21. Rc3 Bc6 22. Qe3 Rad8 23. Rxd8 Rxd8 24. Nd3 Qa5 25. Nfe5 Qxa4 26. Nxc6 Qxg4+ 27. Qg3 Qd1+ 28. Kg2 bxc6 29. Rxc6 Nf5 30. Qg5 Rd4 31. Rc8+ Kg7 32. Nf4 0-1

[Event "SRB-chT 1st League"]
[Site "Bajina Basta"]
[Date "2020.10.13"]
[Round "6.6"]
[White "Ivanovic, Marko"]
[Black "Ivanovic, Dragutin"]
[Result "0-1"]
[WhiteElo "2277"]
[BlackElo "2307"]
[PlyCount "52"]
[EventDate "2020.10.10"]
[EventType "team-tourn"]
[EventRounds "11"]
[EventCountry "SRB"]
[SourceTitle "CBM 198 Extra"]
[Source "ChessBase"]
[SourceDate "2020.11.30"]
[SourceVersion "1"]
[SourceVersionDate "2020.11.30"]
[SourceQuality "1"]
[WhiteTeam "Kostolac Rudar"]
[BlackTeam "Valjevo Krusik"]
[WhiteTeamCountry "SRB"]
[BlackTeamCountry "SRB"]

1. e4 g6 2. d4 c6 3. Nc3 Bg7 4. Nf3 d5 5. h3 Nh6 6. exd5 cxd5 7. Bf4 Nc6 8. Qd2 Nf5 9. 0-0-0 0-0 10. g4 Nfxd4 11. Nxd4 Nxd4 12. Qe3 e5 13. Bxe5 Re8 14. f4 Nc6 15. Rxd5 Qe7 16. Bb5 f6 17. Bxc6 bxc6 18. Rc5 fxe5 19. Re1 Bd7 20. fxe5 Bh6 21. Qxh6 Qxc5 22. Qf4 Rf8 23. Qg5 Rf2 24. h4 Be6 25. Kb1 Raf8 26. Ka1 Rf1 0-1

[Event "SRB-chT 1st League"]
[Site "Bajina Basta"]
[Date "2019.09.18"]
[Round "8.4"]
[White "Ivanovic, Dragutin"]
[Black "Djokic, Nenad"]
[Result "1/2-1/2"]
[WhiteElo "2315"]
[BlackElo "2299"]
[PlyCount "48"]
[EventDate "2019.09.13"]
[EventType "team-tourn"]
[EventRounds "11"]
[EventCountry "SRB"]
[SourceTitle "CBM 195 Extra"]
[Source "ChessBase"]
[SourceDate "2020.05.31"]
[SourceVersion "1"]
[SourceVersionDate "2020.05.31"]
[SourceQuality "1"]
[WhiteTeam "Krusik"]
[BlackTeam "Pirot Progres"]
[WhiteTeamCountry "SRB"]
[BlackTeamCountry "SRB"]

1. d4 Nf6 2. g3 c5 3. c3 e6 4. Bg2 d5 5. Nf3 Nc6 6. 0-0 Bd6 7. Bf4 cxd4 8. Bxd6 Qxd6 9. cxd4 0-0 10. Nc3 Bd7 11. Rc1 Rac8 12. Qd3 a6 13. a3 Rfd8 14. Rfd1 Be8 15. e3 h6 16. Nd2 Na7 17. f4 Nb5 18. Ncb1 Qb8 19. Bf3 Rxc1 20. Rxc1 Rc8 21. Rc2 Rc7 22. Nb3 Nd6 23. Nc3 Qc8 24. Na1 Nb5 1/2-1/2

[Event "SRB-chT Central"]
[Site "Kragujevac"]
[Date "2018.09.21"]
[Round "10.2"]
[White "Manic, Jovica"]
[Black "Ivanovic, Dragutin"]
[Result "1/2-1/2"]
[WhiteElo "2255"]
[BlackElo "2307"]
[PlyCount "88"]
[EventDate "2018.09.14"]
[EventType "team-tourn"]
[EventRounds "11"]
[EventCountry "SRB"]
[SourceTitle "CBM 186 Extra"]
[Source "ChessBase"]
[SourceDate "2018.08.24"]
[SourceVersion "1"]
[SourceVersionDate "2018.08.24"]
[SourceQuality "1"]
[WhiteTeam "Pirot Progres"]
[BlackTeam "Valjevo Krusik"]
[WhiteTeamCountry "SRB"]
[BlackTeamCountry "SRB"]

1. d4 d5 2. Bg5 c6 3. e3 Qb6 4. Qc1 Bf5 5. Nf3 h6 6. Bf4 Nf6 7. Nbd2 Nbd7 8. h3 e6 9. Be2 Be7 10. 0-0 0-0 11. Ne5 Nxe5 12. Bxe5 Nd7 13. Bh2 c5 14. c3 Rac8 15. Nf3 Qa5 16. Qd2 Nf6 17. Rfc1 Qb6 18. Bf1 Rfd8 19. Qe2 a6 20. Ne5 Nd7 21. Qd2 Nf8 22. Bd3 Bxd3 23. Nxd3 Nd7 24. Re1 Qc6 25. Bg3 b5 26. Qe2 b4 27. cxb4 cxb4 28. Rac1 Qb5 29. Bc7 Re8 30. Qd2 a5 31. b3 Nc5 32. Nxc5 Rxc7 33. Nd3 Rc3 34. Nb2 Rec8 35. Na4 R3c6 36. Rxc6 Qxc6 37. Nc5 e5 38. Rc1 exd4 39. Nd3 Qd7 40. Rxc8+ Qxc8 41. exd4 Bf6 42. Nf4 Qf5 43. Ne2 Qe4 44. Kf1 g6 1/2-1/2

[Event "SRB-chT Central"]
[Site "Kragujevac"]
[Date "2018.09.14"]
[Round "1.3"]
[White "Ristic, Nebojsa M"]
[Black "Ivanovic, Dragutin"]
[Result "1-0"]
[WhiteElo "2361"]
[BlackElo "2307"]
[PlyCount "73"]
[EventDate "2018.09.14"]
[EventType "team-tourn"]
[EventRounds "11"]
[EventCountry "SRB"]
[SourceTitle "CBM 186 Extra"]
[Source "ChessBase"]
[SourceDate "2018.08.24"]
[SourceVersion "1"]
[SourceVersionDate "2018.08.24"]
[SourceQuality "1"]
[WhiteTeam "Smederevska Palanka Jasenica"]
[BlackTeam "Valjevo Krusik"]
[WhiteTeamCountry "SRB"]
[BlackTeamCountry "SRB"]

1. d4 g6 2. c4 Bg7 3. Nc3 c5 4. d5 d6 5. e4 Nf6 6. f4 Qa5 7. Bd2 Qb6 8. Nf3 Bg4 9. Be2 0-0 10. 0-0 e6 11. b3 Bxf3 12. Bxf3 exd5 13. cxd5 Nbd7 14. Qc2 Rfe8 15. Rae1 a6 16. g4 Re7 17. g5 Ne8 18. Bg4 c4+ 19. Be3 Qc7 20. e5 dxe5 21. d6 Qxd6 22. Rd1 Qc6 23. Nd5 Re6 24. Bxe6 Qxe6 25. f5 gxf5 26. Qxf5 Nf8 27. Nb6 Rb8 28. Qxe6 Nxe6 29. Rd7 Nf4 30. Rxf4 exf4 31. Bxf4 Nc7 32. Bxc7 Re8 33. Nxc4 b5 34. Nd6 Re5 35. Nxf7 Re2 36. Nh6+ Bxh6 37. gxh6 1-0

[Event "SRB-chT2 West"]
[Site "Kragujevac"]
[Date "2017.10.06"]
[Round "7"]
[White "Nikolic, Vojkan"]
[Black "Ivanovic, Dragutin"]
[Result "1/2-1/2"]
[WhiteElo "2105"]
[BlackElo "2293"]
[PlyCount "49"]
[EventDate "2017.09.08"]
[EventType "team-tourn"]
[EventRounds "11"]
[EventCountry "SRB"]
[SourceTitle "EXT 2022"]
[Source "ChessBase"]
[SourceDate "2021.10.06"]
[SourceVersion "1"]
[SourceVersionDate "2021.10.06"]
[SourceQuality "1"]

1. e4 b6 2. d4 Bb7 3. Bd3 e6 4. Nf3 Nf6 5. Qe2 d5 6. e5 Ne4 7. Nbd2 Nxd2 8. Bxd2 Be7 9. 0-0 c5 10. c3 a5 11. Be3 Ba6 12. Bb5+ Bxb5 13. Qxb5+ Nd7 14. c4 0-0 15. cxd5 exd5 16. Qc6 cxd4 17. Bxd4 Nc5 18. Rfd1 Rc8 19. Qb5 Qc7 20. Bxc5 Qxc5 21. Rxd5 Qxb5 22. Rxb5 Rc2 23. Nd4 Rd2 24. Nf5 Rc2 25. Nd4 1/2-1/2

[Event "SRB-chT2 West"]
[Site "Kragujevac"]
[Date "2017.10.05"]
[Round "6.3"]
[White "Ivanovic, Dragutin"]
[Black "Bugarcic, Ivan"]
[Result "1-0"]
[WhiteElo "2293"]
[BlackElo "2150"]
[PlyCount "101"]
[EventDate "2017.09.08"]
[EventType "team-tourn"]
[EventRounds "11"]
[EventCountry "SRB"]
[SourceTitle "EXT 2022"]
[Source "ChessBase"]
[SourceDate "2021.10.06"]
[SourceVersion "1"]
[SourceVersionDate "2021.10.06"]
[SourceQuality "1"]

1. Nf3 g6 2. g3 Bg7 3. Bg2 Nf6 4. 0-0 d5 5. c4 c6 6. Qc2 0-0 7. d3 d4 8. b4 Re8 9. Bb2 e5 10. Nbd2 a5 11. a3 Na6 12. b5 Nc5 13. Ng5 Bg4 14. Nde4 Ncxe4 15. Nxe4 cxb5 16. cxb5 Rc8 17. Qd2 Nd5 18. h3 Bf5 19. a4 Bf8 20. Rac1 Bb4 21. Qh6 Bxe4 22. Bxe4 Qd6 23. h4 Bc3 24. Rb1 f5 25. Bxf5 Rc7 26. Be4 Nf6 27. Bf3 e4 28. dxe4 Nxe4 29. Bc1 Rf7 30. Bf4 Rxf4 31. Qxf4 Qxf4 32. gxf4 Nd2 33. Bxb7 Nxb1 34. Rxb1 Rxe2 35. Bf3 Rb2 36. Rxb2 Bxb2 37. Be4 Bc1 38. f5 gxf5 39. Bxf5 h6 40. Kf1 Kf7 41. Ke2 Kf6 42. Be4 Ke5 43. Kd3 Ba3 44. b6 Bc5 45. b7 Ba7 46. h5 Kf4 47. f3 Bb8 48. Kxd4 Kg5 49. Bg6 Kf4 50. Kc5 Kxf3 51. Kc6 1-0

[Event "SRB-chT 1st League"]
[Site "Kragujevac"]
[Date "2016.09.14"]
[Round "7.2"]
[White "Gajic, Mladen"]
[Black "Ivanovic, Dragutin"]
[Result "1/2-1/2"]
[WhiteElo "2346"]
[BlackElo "2291"]
[PlyCount "69"]
[EventDate "2016.09.10"]
[EventType "team-tourn"]
[EventRounds "11"]
[EventCountry "SRB"]
[SourceTitle "CBM 174 Extra"]
[Source "ChessBase"]
[SourceDate "2016.10.10"]
[SourceVersion "1"]
[SourceVersionDate "2016.10.10"]
[SourceQuality "1"]
[WhiteTeam "Paracin"]
[BlackTeam "Ub"]
[WhiteTeamCountry "SRB"]
[BlackTeamCountry "SRB"]

1. d4 d5 2. c4 e6 3. Nc3 Be7 4. Nf3 Nf6 5. Bg5 h6 6. Bh4 0-0 7. e3 b6 8. g4 Nxg4 9. Bxe7 Qxe7 10. Rg1 Nf6 11. Ne5 Nbd7 12. Qf3 Nxe5 13. dxe5 Nd7 14. Qh5 f6 15. cxd5 Nxe5 16. 0-0-0 f5 17. Qxh6 Ng4 18. Qf4 e5 19. Qc4 Qf7 20. h3 Nf6 21. Qh4 Ne8 22. Rg5 Nd6 23. Rh5 Qf6 24. Rh8+ Kf7 25. Qxf6+ gxf6 26. Rh7+ Kg6 27. Rxc7 Rf7 28. Rxf7 Kxf7 29. Be2 Bd7 30. Rh1 b5 31. a3 a5 32. Kb1 Rg8 33. Rc1 Rg2 34. Nd1 Rh2 35. Rc7 1/2-1/2

[Event "SRB-chT 1st League"]
[Site "Kragujevac"]
[Date "2015.09.09"]
[Round "6.6"]
[White "Kostic, Vladimir G"]
[Black "Ivanovic, Dragutin"]
[Result "1/2-1/2"]
[WhiteElo "2367"]
[BlackElo "2297"]
[PlyCount "74"]
[EventDate "2015.09.05"]
[EventType "team-tourn"]
[EventRounds "11"]
[EventCountry "SRB"]
[SourceTitle "EXT 2016"]
[Source "ChessBase"]
[SourceDate "2015.10.08"]
[SourceVersion "1"]
[SourceVersionDate "2015.10.08"]
[SourceQuality "1"]
[WhiteTeam "Valjevo Sveti Nikolaj"]
[BlackTeam "Ub"]
[WhiteTeamCountry "SRB"]
[BlackTeamCountry "SRB"]

1. e4 g6 2. d4 Bg7 3. Nc3 c6 4. Nf3 d5 5. h3 dxe4 6. Nxe4 Bf5 7. Ng3 Be6 8. c3 Nf6 9. Bd3 0-0 10. 0-0 Bd5 11. Re1 Nbd7 12. Nh2 b5 13. Bf4 a6 14. a4 c5 15. axb5 c4 16. Bc2 axb5 17. Qe2 Re8 18. Nf3 Qb6 19. Ne5 Qb7 20. f3 Nxe5 21. Bxe5 Nd7 22. Bxg7 Kxg7 23. Ne4 Qc6 24. Qf2 Rxa1 25. Rxa1 Ra8 26. Re1 Re8 27. h4 e5 28. dxe5 Rxe5 29. Qd4 Qb6 30. Ra1 Bxe4 31. fxe4 Qe6 32. Ra7 Nf6 33. Ra8 Qe7 34. Ra7 Qe6 35. Ra8 Qe7 36. Ra7 Qe6 37. Ra8 Qe7 1/2-1/2

[Event "SRB-chT Central"]
[Site "Kraljevo"]
[Date "2014.09.18"]
[Round "8.3"]
[White "Ivanovic, Dragutin"]
[Black "Pavlovic, Dejan S"]
[Result "0-1"]
[WhiteElo "2339"]
[BlackElo "2407"]
[PlyCount "98"]
[EventDate "2014.09.13"]
[EventType "team-tourn"]
[EventRounds "11"]
[EventCountry "SRB"]
[SourceTitle "CBM 162 Extra"]
[Source "ChessBase"]
[SourceDate "2014.10.17"]
[SourceVersion "1"]
[SourceVersionDate "2014.10.17"]
[SourceQuality "1"]
[WhiteTeam "Ub"]
[BlackTeam "Kraljevo Sloga"]
[WhiteTeamCountry "SRB"]
[BlackTeamCountry "SRB"]

1. d4 d5 2. c4 dxc4 3. Nf3 Nf6 4. e3 e6 5. Bxc4 a6 6. 0-0 c5 7. Qe2 Nc6 8. dxc5 Bxc5 9. a3 Qc7 10. b4 Bd6 11. Bb2 Ng4 12. h3 Nge5 13. Nbd2 0-0 14. Rac1 Bd7 15. Bb3 Nxf3+ 16. Nxf3 Rad8 17. e4 Bf4 18. Rc2 Qb8 19. e5 Ne7 20. Qe4 Ng6 21. g3 Bh6 22. Re1 Bc6 23. Rxc6 bxc6 24. Bc2 Rd5 25. h4 Rfd8 26. g4 Bd2 27. h5 Nf8 28. Nxd2 Rxd2 29. Bc3 R2d5 30. Re3 Qc7 31. Bb3 c5 32. bxc5 Rxc5 33. Bb4 Rc1+ 34. Kg2 Qc6 35. Qxc6 Rxc6 36. f4 h6 37. f5 Rd4 38. Kf3 Nh7 39. Bd6 Ng5+ 40. Ke2 Rxg4 41. fxe6 Nxe6 42. Kf2 Nd4 43. Bd5 Rc2+ 44. Kf1 Rh4 45. Rd3 Rf4+ 46. Kg1 Ne2+ 47. Kh1 Rh4+ 48. Kg2 Nf4+ 49. Kg3 Rh3+ 0-1

[Event "SRB-chT Central"]
[Site "Kraljevo"]
[Date "2014.09.15"]
[Round "4.1"]
[White "Ivanovic, Dragutin"]
[Black "Todorovic, Bojan"]
[Result "1/2-1/2"]
[WhiteElo "2339"]
[BlackElo "2344"]
[PlyCount "102"]
[EventDate "2014.09.13"]
[EventType "team-tourn"]
[EventRounds "11"]
[EventCountry "SRB"]
[SourceTitle "CBM 162 Extra"]
[Source "ChessBase"]
[SourceDate "2014.10.17"]
[SourceVersion "1"]
[SourceVersionDate "2014.10.17"]
[SourceQuality "1"]
[WhiteTeam "Ub"]
[BlackTeam "Pirot"]
[WhiteTeamCountry "SRB"]
[BlackTeamCountry "SRB"]

1. d4 Nf6 2. c4 g6 3. Nc3 Bg7 4. e4 d6 5. f3 0-0 6. Bg5 c5 7. d5 e6 8. Qd2 exd5 9. cxd5 a6 10. a4 Nbd7 11. Nge2 Qa5 12. Ra3 Ne5 13. Ng3 Qb4 14. Na2 Qxd2+ 15. Bxd2 Nfd7 16. Nc3 c4 17. f4 Nd3+ 18. Bxd3 cxd3 19. 0-0 h5 20. Be3 h4 21. Nh1 f5 22. Nf2 Re8 23. e5 dxe5 24. Nxd3 e4 25. Nf2 Rb8 26. Rd1 Bf8 27. Raa1 Bd6 28. g3 Kf7 29. Rab1 Nf6 30. Nh3 Bd7 31. Ng5+ Ke7 32. Bd4 Rbc8 33. Be5 Rf8 34. Rbc1 hxg3 35. hxg3 Ng4 36. Bxd6+ Kxd6 37. Rd4 b5 38. axb5 axb5 39. b4 Ne3 40. Ncxe4+ fxe4 41. Nxe4+ Ke7 42. d6+ Kd8 43. Nc5 Nf5 44. Rd3 Rb8 45. Ra1 Re8 46. Ra7 Bc6 47. Rc7 Be4 48. Ra3 Ra8 49. Rd7+ Kc8 50. Rc7+ Kd8 51. Rd7+ Kc8 1/2-1/2

[Event "SRB-chT Central"]
[Site "Kragujevac"]
[Date "2013.09.15"]
[Round "3.4"]
[White "Ilic, Zoran S"]
[Black "Ivanovic, Dragutin"]
[Result "1/2-1/2"]
[WhiteElo "2285"]
[BlackElo "2360"]
[PlyCount "117"]
[EventDate "2013.09.14"]
[EventType "team-tourn"]
[EventRounds "11"]
[EventCountry "SRB"]
[SourceTitle "CBM 156 Extra"]
[Source "ChessBase"]
[SourceDate "2013.10.22"]
[SourceVersion "1"]
[SourceVersionDate "2013.10.22"]
[SourceQuality "1"]
[WhiteTeam "Donja Studena"]
[BlackTeam "Ub"]
[WhiteTeamCountry "SRB"]
[BlackTeamCountry "SRB"]

1. d4 d6 2. Nf3 Nf6 3. c4 Nbd7 4. Nc3 e5 5. g3 Be7 6. Bg2 0-0 7. 0-0 Re8 8. e4 Bf8 9. Re1 c6 10. b3 a6 11. d5 cxd5 12. cxd5 b5 13. h3 Bb7 14. Bd2 Rc8 15. Qe2 g6 16. Rec1 Nh5 17. Ne1 Ng7 18. Nd3 f5 19. f3 Nh5 20. Kh2 f4 21. gxf4 exf4 22. Nxf4 Nxf4 23. Bxf4 Qf6 24. Qd2 Ne5 25. Ne2 g5 26. Bxe5 Qxe5+ 27. Kh1 Bg7 28. Rxc8 Rxc8 29. Rf1 Qb2 30. Qe3 Rc2 31. Re1 h6 32. Bf1 Qf6 33. a4 Bc8 34. axb5 axb5 35. Rc1 Rxc1 36. Nxc1 Qa1 37. Kg2 Be5 38. Nd3 Bxh3+ 39. Kxh3 Qxf1+ 40. Kg4 Bg7 41. f4 gxf4 42. Nxf4 Be5 43. Nd3 Qg2+ 44. Kf5 Bg7 45. Qf4 h5 46. Ke6 Qg6+ 47. Kd7 Bf8 48. Kc6 Qe8+ 49. Kb6 Be7 50. Qg3+ Kh7 51. Ka5 Bd8+ 52. Ka6 Qd7 53. Qf3 h4 54. Qh5+ Kg7 55. Nf4 Qc8+ 56. Ka7 Qc7+ 57. Ka8 Qc8+ 58. Ka7 Qc7+ 59. Ka8 1/2-1/2

[Event "SRB-chT Central"]
[Site "Kragujevac"]
[Date "2013.09.14"]
[Round "1.3"]
[White "Zivkovic, Sava"]
[Black "Ivanovic, Dragutin"]
[Result "0-1"]
[WhiteElo "2353"]
[BlackElo "2360"]
[PlyCount "82"]
[EventDate "2013.09.14"]
[EventType "team-tourn"]
[EventRounds "11"]
[EventCountry "SRB"]
[SourceTitle "CBM 156 Extra"]
[Source "ChessBase"]
[SourceDate "2013.10.22"]
[SourceVersion "1"]
[SourceVersionDate "2013.10.22"]
[SourceQuality "1"]
[WhiteTeam "Vladimirci"]
[BlackTeam "Ub"]
[WhiteTeamCountry "SRB"]
[BlackTeamCountry "SRB"]

1. e4 b6 2. Nc3 Bb7 3. d4 e6 4. Bd3 Bb4 5. Nge2 d5 6. 0-0 dxe4 7. Nxe4 Nf6 8. N2g3 Nbd7 9. Nxf6+ Nxf6 10. Bb5+ c6 11. Bd3 Be7 12. c3 0-0 13. Bg5 h6 14. Be3 c5 15. Qe2 Qd5 16. f3 cxd4 17. Bc4 Qe5 18. Bxd4 Qxe2 19. Nxe2 Rac8 20. Bb5 Nd5 21. Rfd1 Rfd8 22. Kf2 Bd6 23. Kg1 e5 24. Bf2 f5 25. Bd3 g6 26. Bc2 Kg7 27. Bb3 Be7 28. a3 Bc5 29. Bxc5 bxc5 30. Kf2 f4 31. Bxd5 Bxd5 32. Nc1 Bc4 33. Ke1 Rxd1+ 34. Kxd1 Bf1 35. g3 fxg3 36. hxg3 Rf8 37. b4 Rxf3 38. Kd2 Bc4 39. bxc5 e4 40. Ne2 e3+ 41. Ke1 Rf2 0-1

[Event "SRB-chT"]
[Site "Vrnjacka Banja"]
[Date "2012.10.01"]
[Round "4.4"]
[White "Radovanovic, Dusan"]
[Black "Ivanovic, Dragutin"]
[Result "1-0"]
[WhiteElo "2359"]
[BlackElo "2371"]
[PlyCount "71"]
[EventDate "2012.09.29"]
[EventType "team-tourn"]
[EventRounds "11"]
[EventCountry "SRB"]
[SourceTitle "CBM 150 Extra"]
[Source "ChessBase"]
[SourceDate "2012.10.19"]
[SourceVersion "1"]
[SourceVersionDate "2012.10.19"]
[SourceQuality "1"]
[WhiteTeam "Pozega"]
[BlackTeam "Ub"]
[WhiteTeamCountry "SRB"]
[BlackTeamCountry "SRB"]

1. d4 d5 2. c4 e6 3. Nc3 c5 4. cxd5 cxd4 5. Qxd4 Nc6 6. Qd1 exd5 7. Qxd5 Bd7 8. Nf3 Nf6 9. Qd1 Bc5 10. e3 Qc7 11. Be2 0-0-0 12. 0-0 g5 13. b4 Bxb4 14. Bb2 Be7 15. Nb5 Qb6 16. Bxf6 Bxf6 17. Nd6+ Kb8 18. Rb1 Nb4 19. Nxf7 Bf5 20. Qa4 Bxb1 21. Rxb1 a5 22. Nxh8 Bxh8 23. a3 Qc6 24. Qxa5 Nd5 25. Ba6 b6 26. Bd3 Qb7 27. Qd2 Nc3 28. Rb3 Rc8 29. h3 h5 30. Nd4 Na4 31. Bf5 Rc5 32. Bg6 Qd5 33. Rb4 Ra5 34. Be8 Bxd4 35. Rxd4 Qe5 36. Bxa4 1-0